Normal view
MARC view
- Philosophical theory
Entry Topical Term
001 - CONTROL NUMBER
- control field: 13927
003 - CONTROL NUMBER IDENTIFIER
- control field: OSt
005 - DATE AND TIME OF LATEST TRANSACTION
- control field: 20110131131943.0
008 - FIXED-LENGTH DATA ELEMENTS
- fixed length control field: 110131|||a|||||| | ||| d
040 ## - CATALOGING SOURCE
- Original cataloging agency: OSt
- Transcribing agency: OSt
150 ## - HEADING--TOPICAL TERM
- Topical term or geographic name as entry element: Philosophical theory
670 ## - SOURCE DATA FOUND
- Source citation: Work cat.: (OSt): Joad, Cyril Edwin Mitchinson, 1891-1983 13926, Guide to philosophy, 1941.
670 ## - SOURCE DATA FOUND
- Source citation: Work cat.: (OSt): Joad, Cyril Edwin Mitchinson, 1891-1983 13926, Guide to philosophy, 1941.
